Elementary algebra, part 2 (Record no. 844)

MARC details
000 -LEADER
fixed length control field 00626nam a2200157 4500
020 ## - INTERNATIONAL STANDARD BOOK NUMBER
ISBN 9780395434444
050 ## - CALL NUMBER
Classification number QA152.2
100 ## - AUTHOR
Personal name Denholm, Richard A
-- Underhill, Robert G
-- Dolciani, Mary P
110 ## - AUTHOR
CORPORATE AUTHOR Houghton Mifflin Company.
245 ## - TITLE
Title Elementary algebra, part 2
Statement of responsibility, etc Richard A. Denholm, Robert G. Underhill, Mary P. Dolciani ; editorial advisers: Andrew M. Gleason, Albert E. Meder, Jr.
260 ## - PUBLICATION INFORMATION
Place of publication Boston :
Name of publisher Houghton Mifflin Co.,
Year of publication 1988.
300 ## - DESCRIPTION
Number of Pages xii, 529 pages :
Other physical details illustrations ; 24 cm
500 ## - NOTES
General note includes index
650 ## - SUBJECTS
Topical Term Algebra.
General subdivision Algebra -- Study and teaching (Secondary)
942 ## - ADDED ENTRY ELEMENTS (KOHA)
Koha item type Books
Holdings
Withdrawn status Lost status Home library Current library Date acquired Full call number Accession Number Koha item type
    Methodist University Library Wenchi Faculty Methodist University Library Wenchi Faculty 14/11/2017 QA152.2 21503 Books
    Methodist University Library Wenchi Faculty Methodist University Library Wenchi Faculty 14/11/2017 QA152.2 21504 Books
    Methodist University Library Wenchi Faculty Methodist University Library Wenchi Faculty 14/11/2017 QA152.2 21505 Books
    Methodist University Library Wenchi Faculty Methodist University Library Wenchi Faculty 14/11/2017 QA152.2 21506 Books
    Methodist University Library Wenchi Faculty Methodist University Library Wenchi Faculty 14/11/2017 QA152.2 21507 Books
    Methodist University Library Wenchi Faculty Methodist University Library Wenchi Faculty 14/11/2017 QA152.2 21508 Books
    Methodist University Library Wenchi Faculty Methodist University Library Wenchi Faculty 14/11/2017 QA152.2 21509 Books
Copyright © 2026  MUG Library